Essential Islamic studies : Book Four (Record no. 1347)

000 -LEADER
fixed length control field 00587nam a22001937a 4500
003 - CONTROL NUMBER IDENTIFIER
control field OSt
005 - DATE AND TIME OF LATEST TRANSACTION
control field 20140725205310.0
008 - FIXED-LENGTH DATA ELEMENTS--GENERAL INFORMATION
fixed length control field 140725b xxu||||| |||| 00| 0 eng d
050 ## - LIBRARY OF CONGRESS CALL NUMBER
Classification number BP 163.K43
100 ## - MAIN ENTRY--PERSONAL NAME
Personal name Kheir,Sheikh Abdallah A
245 ## - TITLE STATEMENT
Title Essential Islamic studies : Book Four
Statement of responsibility, etc Sheikh Abdallah A Kheir and Yahya M.A .Ondigo
260 ## - PUBLICATION, DISTRIBUTION, ETC. (IMPRINT)
Place of publication, distribution, etc Nairobi
Name of publisher, distributor, etc Ummah Foundation
Date of publication, distribution, etc 2007
300 ## - PHYSICAL DESCRIPTION
Extent 2,532p:
Dimensions 22cm
440 ## - SERIES STATEMENT/ADDED ENTRY--TITLE
Title IRE textbook series new syllabus
650 ## - SUBJECT ADDED ENTRY--TOPICAL TERM
Topical term or geographic name as entry element Islam General; Study and teaching
650 ## - SUBJECT ADDED ENTRY--TOPICAL TERM
Topical term or geographic name as entry element Islam Doctrines
700 ## - ADDED ENTRY--PERSONAL NAME
Personal name Ondigo,Yahya M. A.
942 ## - ADDED ENTRY ELEMENTS (KOHA)
Source of classification or shelving scheme
Koha item type Book
Holdings
Withdrawn status Lost status Source of classification or shelving scheme Damaged status Not for loan Home library Current library Date acquired Total Checkouts Full call number Barcode Date last seen Price effective from Koha item type
          Riara University Library Riara University Library 25/07/2014   BP 163 .K43 2007 4858/14 12/08/2014 25/07/2014 Book

Riara University Library,
P.O. Box 49940-00100,
Nairobi, Kenya.